000 00205 a2200097 4500
001 20234
100 _aKemeny Smll
245 _aFinite markor chains
260 _a
_bVan Nostrad
_c
090 _c14805
_d14805
942 _aNUST-CAE
_cM
_c5342
999 _c255307
_d255307